| 000 | 00648cam a2200253 4500 | ||
|---|---|---|---|
| 001 | J62319 | ||
| 008 | 000000n 000 0 eng u | ||
| 035 | _a(Sirsi) u108569 | ||
| 050 | _a333.337 | ||
| 110 |
_aRichard Ellis St. Quintin _93738 |
||
| 245 | _aWorld office rents - January & July 1999 | ||
| 260 |
_aLondon _bRichard Ellis St. Quintin |
||
| 300 | _a1 folded sheet | ||
| 650 | _aEUROPE | ||
| 650 | _aASIA | ||
| 650 | _aNORTH AMERICA | ||
| 650 | _aAUSTRALASIA | ||
| 650 | _aOFFICE RENTS | ||
| 650 | _aOFFICES | ||
| 650 | _aOCCUPATION COSTS | ||
| 650 | _aPROPERTY-COMMERCIAL PROPERTY | ||
| 690 | _aINTERNATIONAL | ||
| 942 | _n0 | ||
| 999 |
_c100821 _d100821 |
||